International bank for reconstruction and development (Record no. 802829)

MARC details
000 -LEADER
fixed length control field 00961namaa2200277 a 4500
001 - CONTROL NUMBER
control field vtls000980577
003 - CONTROL NUMBER IDENTIFIER
control field NLI
005 - DATE AND TIME OF LATEST TRANSACTION
control field 20210627100503.0
008 - FIXED-LENGTH DATA ELEMENTS--GENERAL INFORMATION
fixed length control field 120209s19661967dcua i000 0 eng
039 #9 - LEVEL OF BIBLIOGRAPHIC CONTROL AND CODING DETAIL [OBSOLETE]
-- 201202091924
-- VLOAD
040 ## - CATALOGING SOURCE
Original cataloging agency NLI
Transcribing agency VTLS-2010_FOD
Description conventions AACR2
041 0# - LANGUAGE CODE
Language code of text/sound track or separate title eng
044 ## - COUNTRY OF PUBLISHING/PRODUCING ENTITY CODE
MARC country code dcu
082 04 - DEWEY DECIMAL CLASSIFICATION NUMBER
Classification number 332.152
245 00 - TITLE STATEMENT
Title International bank for reconstruction and development
Remainder of title annual report world bank and IDA
Inclusive dates 1966-67
260 ## - PUBLICATION, DISTRIBUTION, ETC.
Place of publication, distribution, etc. Washington, D.C. :
Name of publisher, distributor, etc. United States Government Printing Office,
Date of publication, distribution, etc. 1967
300 ## - PHYSICAL DESCRIPTION
Extent 84 p. ;
Dimensions 28 cm.
650 #0 - SUBJECT ADDED ENTRY--TOPICAL TERM
Topical term or geographic name entry element International Development Association
9 (RLIN) 910258
710 ## - ADDED ENTRY--CORPORATE NAME
Corporate name or jurisdiction name as entry element Committee on Foreign Relations
Subordinate unit United States
9 (RLIN) 910259
710 ## - ADDED ENTRY--CORPORATE NAME
Corporate name or jurisdiction name as entry element Board of Governers
Subordinate unit United States
9 (RLIN) 910260
887 ## - NON-MARC INFORMATION FIELD
Content of non-MARC field
901 ## - LOCAL DATA ELEMENT A, LDA (RLIN)
a UN-6920
b 29.12.1967
902 ## - LOCAL DATA ELEMENT B, LDB (RLIN)
a U.N 332.152 In 61 (1966-67)
949 ## - LOCAL PROCESSING INFORMATION (OCLC)
-- VIRTUAITEM
-- 10000
-- 100
6 UNX000006920ENG
a U.N 332.152 In 61 (1966-67)
m 1966-67
942 ## - ADDED ENTRY ELEMENTS (KOHA)
Source of classification or shelving scheme Dewey Decimal Classification
Koha item type Books
Holdings
Withdrawn status Lost status Damaged status Not for loan Collection code Home library Current library Shelving location Date acquired Total Checkouts Full call number Barcode Date last seen Copy/Vol. number Price effective from Koha item type
        United Nations National Library of India National Library of India Foreign Official Documents - United Nations     U.N 332.152 In 61 (1966-67) UNX000006920ENG 27/06/2021 1966-67 27/06/2021 Books
                                                                           
web counter

Copyright ©2020 The National Library of India, Govt. of India ↔ Hosted by NVLI, MOC ↔ Technology and Design by National Library of India, Ministry of Culture, Govt. of India